| 000 | 00487nam a2200145Ia 4500 | ||
|---|---|---|---|
| 008 | 170224s9999 xx 000 0 und d | ||
| 100 | _aRoberto Venturini | ||
| 245 | _aSocial marketing and big social change: personal social marketing insights from a complex system obesity prevention intervention | ||
| 245 | _cRoberto Venturini | ||
| 260 | _bJournal of Marketing Research | ||
| 260 | _c2016 | ||
| 300 | _a32:11-12, Pages: 1190-1199 | ||
| 500 | _aSeptember | ||
| 650 | _xMarketing. | ||
| 999 |
_c315981 _d315981 |
||